000 00434nam a2200133Ia 4500
008 220216s9999 xx 000 0 und d
100 _aHuang Tong Kok
245 3 _aAn overview of the rubberwood industry
260 _bIn: Ensuring sustainability and competitiveness of the NR industry, 1996, RRIM, Malaysia, pp. 287-308
_c1996
650 _aEcofriendly
650 _aRubberwood industry
650 _aTimber resources
942 _cJS
999 _c54190
_d54190